| 000 | 00513nam a22001697a 4500 | ||
|---|---|---|---|
| 999 |
_c8892 _d8892 |
||
| 008 | 210303b ||||| |||| 00| 0 eng d | ||
| 040 | _aBMS College of Architecture | ||
| 100 | _aL, S, Vaishnavi | ||
| 245 | _aCollege of Agriculture | ||
| 300 | _a40p. | ||
| 500 | _a1BM10AT072 | ||
| 502 |
_8B,Arch _NBMS College of Architecture, Visvesvaraya Technological University (VTU) _aProject Report _d2014 |
||
| 650 | _aNA | ||
| 700 |
_aBhaghyalaxmi M _eGuide |
||
| 700 |
_aDakshayani R, Patil _eGuide |
||
| 942 |
_2ddc _cTHE |
||